Land vs. Land #67 - Statistiken

Allgemein
  • Dieses Quiz wurde 39 mal gespielt
  • Das Durchschnittsergebnis liegt bei 11 aus 14
Antwortstatistiken
Frage Antwort % Korrekt
...Militär? Vereinigtes Königreich🇬🇧
100%
...Tourismus? Vereinigtes Königreich🇬🇧
97%
...Gesundheitswesen? Vereinigtes Königreich🇬🇧
97%
...Einwohner? Vereinigtes Königreich🇬🇧
95%
...Bruttoinlandsprodukt? Vereinigtes Königreich🇬🇧
95%
...durchschnittlicher IQ? Vereinigtes Königreich🇬🇧
95%
...Bruttoinlandsprodukt pro Kopf? Vereinigtes Königreich🇬🇧
92%
...Gewinner? Vereinigtes Königreich🇬🇧
89%
...HDI (Human Development Index)? Vereinigtes Königreich🇬🇧
84%
...Exportmengen? Vereinigtes Königreich🇬🇧
78%
...Fläche? Chile🇨🇱
73%
...Frieden? Vereinigtes Königreich🇬🇧
68%
...Happy Planet Index? Vereinigtes Königreich🇬🇧
54%
...Lebenserwartung? Chile🇨🇱
11%
Keine übereinstimmenden Quizze gefunden
Verteilung der Resultate
Anzahl Personen mit jedem Resultat
Perzentil nach korrekt beantworteten Fragen
Ihre Resultats-Entwicklung
Sie haben dieses Quiz noch nicht gespielt